000 00708nam a2200277Ia 4500
003 OSt
005 20221006144344.0
006 a|||||r|||| 00| 0
007 ta
008 221006b |||||||| |||| 00| 0 eng d
020 _c
_3.75
024 _a11,498
037 _cTextual
040 _aEASL
_cEASL
_beng
041 _2eng
_aeng
082 _aU8.41.N59, J9
100 _aORR Boyd
_9651775
245 0 _aWhats happening in China
260 _aNew York
_bDoubleday and Co.
_c1959
300 _a159p.
_ccm.
490 _v CEL
650 _aCEL
700 _a Townsend Peter
_9105895
942 _hU8.41.N59, J9
_cTEXL
_2CC
999 _c1079584
_d1079584